000 00600nam a2200241 a 4500
001 nice12345678
003 IN_TiNIC
005 20260116011418.0
008 050524s1938 hyda grp 000 0 urd
020 _a
_c100
082 0 0 _a231.8
_bROS
100 _aRoshdall, Hastings
245 _aNazriya-E-Khair-0-Shar
260 _aHyderabad
_bOsmania University
_c1938
300 _a380p
500 _aincludes index and biblioraphy
505 2 _aPlus Some Other Tracts
650 _aTheology-God and Evil
700 1 _aRoshdall, Hastings
902 _bRBA
942 _cBK
999 _c1312
_d1312